Η εμμονή ως ρυθμιστικός παράγων της συμπεριφοράς
Αποθηκεύτηκε σε:
| Κύριος συγγραφέας: | |
|---|---|
| Μορφή: | Βιβλίο |
| Γλώσσα: | Greek |
| Δημοσίευση: |
Αθήναι :
[χ.ό.],
1969
|
| Θέματα: | |
| Ετικέτες: |
Προσθήκη ετικέτας
Δεν υπάρχουν, Καταχωρήστε ετικέτα πρώτοι!
|
MARC
| LEADER | 00000cam a2200000 i 4500 | ||
|---|---|---|---|
| 001 | 1/56933 | ||
| 008 | 040607s1969 gre d | ||
| 035 | |l 10073685 | ||
| 040 | |a GR-MY-UA |b gre |e aacr | ||
| 041 | 0 | |a gre | |
| 082 | 0 | |a 150.1943 | |
| 100 | 1 | |a Πετρουλάκης, Νικόλαος Β., |d 1921-2019. | |
| 245 | 1 | 2 | |a Η εμμονή ως ρυθμιστικός παράγων της συμπεριφοράς / |c Νικολάου Β. Πετρουλάκη |
| 260 | |a Αθήναι : |b [χ.ό.], |c 1969 | ||
| 300 | |a 79 σ. | ||
| 650 | 0 | 0 | |a Behaviorism (Psychology) |
| 650 | 0 | 0 | |a Human behavior. |
| 852 | |a INST |b RHODES |c AKA |e 20040616 |h 150.1943 ΠΕΤ |p 005400018784 |q 005400018784 |t BK |y 0 | ||
| 852 | |a INST |b RHODES |c AKA |e 20040616 |h 150.1943 ΠΕΤ |p 005400018785 |q 005400018785 |t BK |y 0 | ||
| 852 | |a INST |b RHODES |c AKA |e 20040616 |h 150.1943 ΠΕΤ |p 005400018786 |q 005400018786 |t BK |y 0 | ||
| 852 | |a INST |b RHODES |c AKA |e 20040616 |h 150.1943 ΠΕΤ |p 005400018787 |q 005400018787 |t BK |y 0 | ||
| 852 | |a INST |b RHODES |c AKA |e 20040607 |h 150.1943 ΠΕΤ |p 005400018895 |q 005400018895 |t BK |y 0 | ||
| 901 | |a BIBL4-2004-2 | ||
| 909 | |a Ρ |b 105084 | ||
| 909 | |a Ρ |b 109718 | ||
| 909 | |a Ρ |b 109719 | ||
| 909 | |a Ρ |b 109720 | ||
| 909 | |a Ρ |b 109721 | ||
| 970 | |a ΚΟΥΛΑΚΙΟΤΗ |b ΛΙΤΣΑ |z 2004/06/07 | ||